00662pab a2200205 454500008004000000100001900040245008200059260000900141300001500150362001200165650003600177650003700213650001600250700002000266700001800286773001700304909001100321999001900332952010500351180718b2015 xxu||||| |||| 00| 0 eng d aKayalvizhi, R. aImpact of farm finance and investment on profitability of farms in Tamil Nadu c2015 ap.291-308. aOct-Dec aInvestment - India - Tamil Nadu aAgriculture - India - Tamil Nadu aAgriculture aShanmugam, T.R. aGowri, M. Uma aProductivity a109834 c109829d109829 00104070aIIPAbIIPAd2018-07-19hVolume no: 56, Issue no: 3pAR110294r2018-07-19w2018-07-19yAR